Normal view MARC view

Entry Personal Name

Number of records used in: 2

001 - CONTROL NUMBER

  • control field: 1144858

003 - CONTROL NUMBER IDENTIFIER

  • control field: OSt

005 - DATE AND TIME OF LATEST TRANSACTION

  • control field: 20260324112948.0

008 - FIXED-LENGTH DATA ELEMENTS

  • fixed length control field: 260324|| aca||aabn | a|a d

040 ## - CATALOGING SOURCE

  • Original cataloging agency: OSt
  • Transcribing agency: OSt

100 ## - HEADING--PERSONAL NAME

  • Personal name: A.Y.M. Atiquil Islam

670 ## - SOURCE DATA FOUND

  • Source citation: Work cat.: (OSt)1734262: A.Y.M. Atiquil Islam, The Technology Adoption and Gratification (TAG) Model and Its Application
Copyright @ Delhi University Library System